00674nam a22002417a 450000500170000000800410001701000140005802000270007202000240009903500130012303700130013604000080014908200110015710000190016824500550018725000120024226000480025427000430030230000270034550000190037265000230039165000180041420091023114137.0091023t xxu||||| |||| 00| 0 eng d aENG-95178 a9780070672826c225..00 a0070672822c225..00 aEN-78711 aDBAD/PUB aDPL a003.54 aAvudaiammal R. aInformation coding techniques /cby R. Avudaiammal a2nd ed. aNew DelhibTata MaGraw Hill Educationc2010 a7, West Patel NagarbNew Delhie110008 aix, 332p.c24cm. (Pbk) aIncludes index aInformation theory aCoding theory